Artifacts in behavioral research (رقم التسجيلة. 29303)

تفاصيل مارك
000 -الفاتح
حقل البيانات ثابتة الطول 03538nam a2200397Ia 4500
001 - رقم الضبط
رقم الضبط 539118180
003 - محدد رقم الضبط
رقم الضبط OCoLC
005 - وقت وتاريخ اخر تعامل مع التسجيلة
رقم الضبط 20150408114128.0
006 - عناصر البيانات ثابتة الطول - خصائص المادة الاضافية-معلومات عامة
حقل البيانات ثابتة الطول m u
007 - الحقل الثابت للوصف المادى- معلومات عامة
حقل البيانات ثابتة الطول cr |||||||||||
008 - عناصر البيانات ثابتة الطول - معلومات عامة
حقل البيانات ثابتة الطول 100304s2009 nyua ob 001 0 eng d
020 ## - الرقم الدولى المعيارى للكتب
الرقم الدولى المعيارى للكتاب 9780195385540 (alk. paper)
020 ## - الرقم الدولى المعيارى للكتب
الرقم الدولى المعيارى للكتاب 0195385543 (alk. paper)
040 ## - مصدر الفهرسة
وكالة الفهرسة الأصلية Ma-Un
لغة الفهرسة eng
082 ## - رقم تصنيف ديوى العشرى
رقم الطبعة 22
رقم التصنيف 150.72
100 1# - المدخل الرئيسى - إسم شخصى
الإسم الشخصى Rosenthal, Robert,
التواريخ المصاحبة للاسم 1933-
9 (RLIN) 34757
245 10 - بيان العنوان
العنوان Artifacts in behavioral research
بقية العنوان Robert Rosenthal and Ralph L. Rosnow's classic books : a re-issue of Artifact in behavioral research, Experimenter effects in behavioral research and The volunteer subject /
بيان المسئوليه,etc Robert Rosenthal, Ralph L. Rosnow ; with a foreword by Alan E. Kazdin.
260 ## - PUBLICATION, DISTRIBUTION, ETC. (IMPRINT)
مكان الناشر او الموزع New York :
اسم الناشر او الموزع Oxford University Press,
تاريخ النشر أو التوزيع 2009.
300 ## - الوصف المادى
التعداد 1 online resource (xv, 886 p.) :
تفاصيل ماديه اخرى للوعاء ill.
500 ## - تبصرة عامة
تبصرة عامة Description based on print version record.
500 ## - تبصرة عامة
تبصرة عامة New combination volume of three books-in-one.
504 ## - تبصرة ببليوجرافية
تبصرة ببليوجرافية,الخ Includes bibliographical references and indexes.
505 0# - تبصرة محتويات-الفهرس
تبصرة المحتويات المصاغة Book one: Artifact in behavioral research -- Perspective: artifact and control / Edwin G. Boring -- Suspiciousness of experimenter's intent / William J. McGuire -- The volunteer subject / Robert Rosenthal and Ralph L. Rosnow -- Pretest sensitization / Robert E. Lana -- Demand characteristics and the concept of quasi-controls / Martin T. Orne -- Interpersonal expectations : effects of the experimenter's hypothesis / Robert Rosenthal -- The conditions and consequences of evaluation apprehension / Milton J. Rosenberg -- Prospective : artifact and control / Donald T. Campbell -- Book two: Experimenter effects in behavioral research -- The nature of experimenter effects -- The experimenter as observer -- Interpretation of data -- Intentional error -- Biosocial attributes -- Psychosocial attributes -- Situational factors -- Experimenter modeling -- Experimenter expectancy -- Studies of experimenter expectancy effects -- Human subjects -- Animal subjects -- Subject set -- Early data returns -- Excessive rewards -- Structural variables -- Behavioral variables -- Communication of experimenter expectancy -- Methodological implications -- The generality and assessment of experimenter effects -- Replications and their assessment -- Experimenter sampling -- Experimenter behavior -- Personnel considerations -- Blind and minimized contact -- Expectancy control groups -- Book three: The volunteer subject -- Introduction -- Characteristics of the volunteer subject -- Situational determinants of volunteering -- Implications for the interpretation of research findings -- Empirical research on voluntarism as an artifact-independent variable -- An intergrative overview.
506 ## - تبصرة قيود الاتاحة
قيود الإتاحة Available to OhioLINK Libraries.
533 ## - تبصرة الاستنساخ
نوع الاستنساخ Electronic reproduction.
مكان الاستنساخ Oxford ;
-- New York :
الوكالة المسؤولة عن الاستنساخ Oxford University Press.
تبصرة بخصوص الاستنساخ Mode of access: World Wide Web.
650 #0 - المدخل الاضافى بالموضوع-مصطلح موضوعى
مصطلح موضوعي أو اسم جغرافي كعنصر مدخل Psychology
التقسيم الفرعي العام Research.
9 (RLIN) 17398
650 #0 - المدخل الاضافى بالموضوع-مصطلح موضوعى
مصطلح موضوعي أو اسم جغرافي كعنصر مدخل Social sciences
التقسيم الفرعي العام Research.
9 (RLIN) 19158
655 #7 - مصطلح تكشيفى-نوع/شكل
بيانات النوع/ الشكل أو المصطلح الأساسي Electronic books
مصدر المصطلح local.
9 (RLIN) 4135
700 1# - المدخل الاضافى - اسم شخصى
الإسم الشخصى Rosnow, Ralph L.
9 (RLIN) 34758
710 2# - المدخل الاضافى - اسم هيئه
اسم الهيئة أو اسم السلطة كمدخل Ohio Library and Information Network.
9 (RLIN) 34759
773 0# - مدخل المادة المضيفة
العنوان OhioLINK electronic book center.
773 0# - مدخل المادة المضيفة
العنوان Oxford scholarship online
رقم ضبط التسجيلة (OCoLC)56761044.
776 08 - مدخل الشكل المادى الاضافى
نص العرض Print version:
رأس المدخل الرئيسي Rosenthal, Robert, 1933-
العنوان Artifacts in behavioral research.
الناشر و مكان و تاريخ النشر New York : Oxford University Press, 2009.
الرقم الدولى المعيارى للكتاب 9780195385540
رقم ضبط التسجيلة (DLC) 2008038527
-- (OCoLC)247962412.
856 40 - الوصول و الموقع الالكترونى
معرف المصدر الموحد <a href="http://rave.ohiolink.edu/ebooks/ebc/9780195385540">http://rave.ohiolink.edu/ebooks/ebc/9780195385540</a>
تبصرة عامة Connect to resource
942 ## - عناصر المدخل الإضافي( كوها)
مصدر التصنيف او مخطط الترفيف Dewey Decimal Classification
Koha [default] item type كتاب
المقتنيات
حالة الفقد نموذج السعر الفعال حالة تلف ليس للاعارة رقم الطلب رقم النسخة تاريخ الاكتساب الموقع الحالي الباركود الفرع الرئيسي Date last seen نوع المادة فى نظام كوها مصدر التصنيف او خطة الترفيف Total Checkouts
  2013-03-26     150.72 RRA n1 2013-03-26 المكتبة المركزية بالمجمعة (CL) 00450320 المكتبة المركزية بالمجمعة (CL) 2013-03-26 كتاب Dewey Decimal Classification  
  2013-03-26     150.72 RRA n2 2013-03-26 المكتبة المركزية بالمجمعة (CL) 00450319 المكتبة المركزية بالمجمعة (CL) 2013-03-26 كتاب Dewey Decimal Classification  
  2013-03-26     150.72 RRA n3 2013-03-26 المكتبة المركزية بالمجمعة (CL) 00450321 المكتبة المركزية بالمجمعة (CL) 2013-03-26 كتاب Dewey Decimal Classification